000 00521nam a22001937a 4500
003 KOHA_MİRAKIL
005 20250411133945.0
008 250411b tu ||||| |||| 00| 0 tur d
020 _a9789754704471
040 _aTR-AnABB
_btur
_cTR-AnABB
041 _atur
082 _a311
_bARE 2023
100 1 _aArendt, Hannah,
245 1 0 _aİnsanlık Durumu /
_cHannah Arendt
260 _aİstanbul :
_bİletişim Yayıncılık,
_c2023
300 _a461 sayfa ;
_c20 cm
650 0 0 _aSosyoloji
942 _2ddc
_cBK
999 _c8642
_d8642
900 _bGizem YORULMAZ